New methods, new risks (Record no. 74010)

MARC details
000 -LEADER
fixed length control field 01452cab a2200289 4500
001 - CONTROL NUMBER
control field ABS67344
008 - FIXED-LENGTH DATA ELEMENTS--GENERAL INFORMATION
fixed length control field 040105n2004 000 0 eng u
035 ## - SYSTEM CONTROL NUMBER
System control number (Sirsi) u124708
100 ## - MAIN ENTRY--PERSONAL NAME
Personal name Heywood, A.
245 ## - TITLE STATEMENT
Title New methods, new risks
260 ## - PUBLICATION, DISTRIBUTION, ETC.
Date of publication, distribution, etc. 2004
490 ## - SERIES STATEMENT
Series statement Roof
Volume/sequential designation 29(1) January/February 2004, 37(1)
520 ## - SUMMARY, ETC.
Summary, etc. Considers, from the mortgage lender perspective, the drive following the Communities Plan towards innovative or non-traditional housing construction in the social rented sector. Outlines the history of non-traditional housing since the First World War and considers why lender experience of earlier generations of non-traditional house building has not been entirely happy. Notes that lenders to the social rented sector have recently funded a number of non-traditional schemes and lists the factors which lender concern will focus on. Suggests steps government must take to ensure that non-traditional construction can realise its potential without repeating the mistakes of the past.
590 ## - LOCAL NOTE (RLIN)
Local note ABS
650 ## - SUBJECT ADDED ENTRY--TOPICAL TERM
Topical term or geographic name entry element REMEDIATION
650 ## - SUBJECT ADDED ENTRY--TOPICAL TERM
Topical term or geographic name entry element SUSTAINABLE COMMUNITIES: BUILDING FOR THE FUTURE
650 ## - SUBJECT ADDED ENTRY--TOPICAL TERM
Topical term or geographic name entry element NON TRADITIONAL HOUSING
650 ## - SUBJECT ADDED ENTRY--TOPICAL TERM
Topical term or geographic name entry element NON-TRADITIONAL CONSTRUCTION
650 ## - SUBJECT ADDED ENTRY--TOPICAL TERM
Topical term or geographic name entry element SOCIAL RENTED SECTOR
650 ## - SUBJECT ADDED ENTRY--TOPICAL TERM
Topical term or geographic name entry element MORTGAGE LENDERS
650 ## - SUBJECT ADDED ENTRY--TOPICAL TERM
Topical term or geographic name entry element RIGHT TO BUY
650 ## - SUBJECT ADDED ENTRY--TOPICAL TERM
Topical term or geographic name entry element HOUSING DEFECTS ACT 1984
650 ## - SUBJECT ADDED ENTRY--TOPICAL TERM
Topical term or geographic name entry element DEFECTS
650 ## - SUBJECT ADDED ENTRY--TOPICAL TERM
Topical term or geographic name entry element REPAIRS
690 ## - LOCAL SUBJECT ADDED ENTRY--TOPICAL TERM (OCLC, RLIN)
Topical term or geographic name as entry element HOUSING-HOUSING FINANCE
942 ## - ADDED ENTRY ELEMENTS (KOHA)
Suppress in OPAC 0
Holdings
Withdrawn status Lost status Source of classification or shelving scheme Damaged status Not for loan Home library Current library Shelving location Date acquired Total Checkouts Full call number Barcode Date last seen Copy number Price effective from Koha item type
    Dewey Decimal Classification     London London Journal article 05/01/2004   ABS67344 124708-1001 06/08/2019 1 06/08/2019 Journal article